00748naa a22001457i 45000010005000000030009000050050017000140080041000310400029000720410008001011000115001092450059002247000168002837730151004518862KOSZ 00520180416113149.0180309s2007 pl |||f| ||||0|| 0 pol  cKOSZ 005/HRaKOSZ 005/HR0 apol1 aZALESKA, Beata.bPolitechnika Koszalińska - Wydział Nauk Ekonomicznych,cKatedra Rachunkowości.d1996 - .10aRynek usług medycznych /cBeata Zaleska, Anna Wallis.1 aWALLIS, Anna.bPolitechnika Koszalińska - Wydział Ekonomii i Zarządzania,cKatedra Metod Ilościowych - Zakład Zastosowań Informatyki w Ekonomiid1996 - .0 iW :tMarketing w gospodarce opartej na wiedzy / red. nauk. Szczepan Figiel. -dOlsztyn : Uniwersytet Warmińsko-Mazurski, 2007. -z9788389112835